| 000 | 01269cam a22003377a 4500 | ||
|---|---|---|---|
| 001 | 16873387 | ||
| 003 | Nust- CAS-E | ||
| 005 | 20180118181356.0 | ||
| 008 | 110715s2011 nyua b 001 0 eng d | ||
| 010 | _a 2011283110 | ||
| 020 | _a9780071763271 | ||
| 020 | _a0071763279 | ||
| 035 | _a(OCoLC)ocn729340555 | ||
| 040 |
_aSITPL _cSITPL _dSITPL _dBTCTA _dYDXCP _dDLC |
||
| 042 | _alccopycat | ||
| 050 | 0 | 0 |
_aTK1087 _b.G48 2011 |
| 082 |
_a621.31 _bGEV 2011 |
||
| 100 | 1 | _aGevorkian, Peter. | |
| 245 | 1 | 0 |
_aLarge-scale solar power system design : _ban engineering guide for grid-connected solar power generation / _cPeter Gevorkian. |
| 260 |
_aNew York ; _aSingapore : _bMcGraw-Hill, _cc2011. |
||
| 300 |
_axvii, 679 p. : _bill. ; _c24 cm. |
||
| 490 | 1 | _aMcGraw-Hill's greensource series | |
| 500 | _a" A GreenSource book" | ||
| 504 | _aIncludes bibliographical references and index. | ||
| 650 | 0 |
_aPhotovoltaic power systems _zUnited States. |
|
| 650 | 0 |
_aPhotovoltaic power systems _xDesign and construction. |
|
| 830 | 0 | _aMcGraw-Hill's greensource series. | |
| 906 |
_a7 _bcbc _ccopycat _d2 _encip _f20 _gy-gencatlg |
||
| 942 |
_2ddc _cBK |
||
| 999 |
_c355300 _d355300 |
||